| 000 | 01155nam a2200301 c 4500 | ||
|---|---|---|---|
| 003 | BLK | ||
| 005 | 20180420220555.0 | ||
| 008 | 180407b bul|||||r ||||||| ||bul|| | ||
| 010 | _aKNG00035296000 | ||
| 020 |
_a954-8453-64-9 _bиздат.: Весела Люцканова |
||
| 040 | _aBLK | ||
| 041 |
_aBUL _cBUL |
||
| 080 |
_aНемска литература _b821.112.2 _x-31 _z821.112.2-31 |
||
| 100 | 1 |
_aХертлинг, Петер _eпърви автор _9136867 |
|
| 700 | 1 |
_aМилева, Ивета Трифонова _eпрев. от нем. _9272419 |
|
| 139 |
_aХертлинг, Петер _bХ 43 |
||
| 245 | 1 | 0 |
_aСянката на Шуман _bРоман _cПетер Хертлинг; прев. от нем. Ивета Трифонова Милева. |
| 257 | _aDEU | ||
| 260 |
_аСофия _bВесела Люцканова _c2001 _fСофия : Петекстон |
||
| 300 |
_a328 с. _c20 см |
||
| 380 | _aX | ||
| 500 | _aОриг. загл. Schumann Schatten / Peter Hartling. | ||
| 852 | _aЦб 207444 | ||
| 856 | 4 |
_qpdf _u |
|
| 856 | 4 |
_qpdf _u |
|
| 942 |
_cKNG _n0 |
||
| 944 |
_aCR _c15.01.2003 _kЦветанка_Енчева |
||
| 944 |
_aED _c28.03.2005 _k |
||
| 999 |
_c32620 _d32620 |
||